[Event "Alekhine"]
[Site "Charlesbourg CAN"]
[Date "2014.09.29"]
[Round "5"]
[White "Lessard, Claude"]
[Black "Drolet, Stephane"]
[Result "0-1"]
[WhiteElo "2045"]
[BlackElo "2149"]
[PlyCount "86"]
[EventDate "2014.09.01"]
[EventType "swiss"]
[EventRounds "5"]
[EventCountry "CAN"]

1. d4 Nf6 2. c4 e6 3. Nf3 Bb4+ 4. Bd2 a5 5. a3 Bxd2+ 6. Nbxd2 d6 7. g3 Nc6 8.
Bg2 Bd7 9. d5 exd5 10. cxd5 Nxd5 11. Qb3 Nb6 12. Rc1 O-O 13. O-O Be6 14. Qd1 a4
15. Nh4 d5 16. f4 f6 17. e4 d4 18. Nf5 Bxf5 19. exf5 Nd5 20. Nc4 Qd7 21. Re1
Qxf5 22. Be4 Qd7 23. Qf3 Rfd8 24. Rcd1 Nde7 25. Qh5 g6 26. Qh4 Kg7 27. g4 b5
28. Nd2 Rab8 29. g5 f5 30. Qh6+ Kg8 31. Bb1 Qd5 32. Bd3 Rd7 33. Re2 Qd6 34. Qh4
Nd5 35. Rf1 Ne3 36. Rfe1 Nd8 37. Nf3 c5 38. Ne5 Re7 39. Rd2 Rxe5 40. fxe5 Qxe5
41. Bb1 Ne6 42. Ba2 c4 43. Qf2 Nxg5 0-1

[Event "Alekhine"]
[Site "Charlesbourg CAN"]
[Date "2014.09.29"]
[Round "5"]
[White "Lord, Daniel"]
[Black "Garneau, Benoit"]
[Result "0-1"]
[WhiteElo "1514"]
[BlackElo "1945"]
[PlyCount "108"]
[EventDate "2014.09.01"]
[EventType "swiss"]
[EventRounds "5"]
[EventCountry "CAN"]

1. d4 Nf6 2. c4 g6 3. Nf3 Bg7 4. Nc3 d5 5. cxd5 Nxd5 6. e4 Nxc3 7. bxc3 c5 8.
Bb5+ Nc6 9. Qa4 Bd7 10. O-O a6 11. Bxc6 Bxc6 12. Qc4 Bb5 13. Qxc5 Bxf1 14. Kxf1
Rc8 15. Qb4 Qc7 16. Qa4+ b5 17. Qxa6 Qc4+ 18. Kg1 O-O 19. Bd2 Ra8 20. Qb7 e6
21. Bf4 Rfc8 22. Ng5 e5 23. dxe5 h6 24. Nf3 Qxc3 25. Rb1 Rxa2 26. Qxb5 Qc2 27.
Be3 Qxe4 28. h3 Rac2 29. Rd1 Qc6 30. Qd3 Rc3 31. Qe2 Qe4 32. Qa6 R3c6 33. Qa1
Re6 34. Bd4 Kh7 35. Qa7 Qc2 36. Rd2 Qc1+ 37. Kh2 Rc7 38. Qa5 Rc2 39. Rxc2 Qxc2
40. Nd2 Qf5 41. Nf3 f6 42. Qc7 fxe5 43. Bxe5 Rxe5 44. Nxe5 Qxe5+ 45. Qxe5 Bxe5+
46. g3 g5 47. Kg2 Kg6 48. Kf3 h5 49. Ke4 Kf6 50. Kf3 Bd4 51. Ke2 Kf5 52. f3 h4
53. f4 hxg3 54. fxg5 g2 0-1

[Event "Alekhine"]
[Site "Charlesbourg CAN"]
[Date "2014.09.29"]
[Round "5"]
[White "Tremblay, Rejean"]
[Black "May, Oliver"]
[Result "1-0"]
[WhiteElo "2198"]
[BlackElo "1813"]
[PlyCount "98"]
[EventDate "2014.09.01"]
[EventType "swiss"]
[EventRounds "5"]
[EventCountry "CAN"]

1. d4 d5 2. c4 dxc4 3. Nf3 Nf6 4. Nc3 Bf5 5. e3 e6 6. Bxc4 c6 7. O-O Bd6 8. Ne5
Bxe5 9. dxe5 Qxd1 10. Rxd1 Ng4 11. f4 h5 12. h3 Nh6 13. e4 Bg6 14. Be3 Nd7 15.
Rd6 b5 16. Nxb5 Bxe4 17. Nc7+ Ke7 18. Nxa8 Rxa8 19. Rad1 Bd5 20. Bxd5 exd5 21.
Rxc6 Nf5 22. Bf2 Kf8 23. Rc7 Nb6 24. g4 hxg4 25. hxg4 Nh6 26. g5 Nf5 27. Bxb6
axb6 28. Rxd5 Re8 29. Rdd7 Re7 30. Rd8+ Re8 31. Rxe8+ Kxe8 32. Rb7 Ne7 33. Rxb6
Nd5 34. Rb8+ Kd7 35. f5 Ne7 36. Rb7+ Ke8 37. Rxe7+ Kxe7 38. a4 g6 39. Kf2 gxf5
40. Kf3 Ke6 41. Kf4 Kd5 42. Kxf5 Kc4 43. Kf6 Kb4 44. b3 Kxb3 45. a5 Kc4 46. a6
Kd4 47. a7 Ke3 48. Kxf7 Kf4 49. Kf6 Ke3 1-0

[Event "Alekhine"]
[Site "Charlesbourg CAN"]
[Date "2014.09.29"]
[Round "5"]
[White "Tremblay-Alix, Eric"]
[Black "Lalonde, Stephane"]
[Result "1-0"]
[WhiteElo "1821"]
[BlackElo "1522"]
[PlyCount "119"]
[EventDate "2014.09.01"]
[EventType "swiss"]
[EventRounds "5"]
[EventCountry "CAN"]

1. c4 c5 2. g3 e5 3. Nc3 g6 4. Nf3 Nc6 5. e3 Nf6 6. Bg2 d6 7. O-O Bg7 8. d4
exd4 9. exd4 O-O 10. d5 Ne7 11. Re1 Bd7 12. Bf4 Nf5 13. h3 Nh5 14. Bd2 Nd4 15.
Ne4 Qb6 16. Rb1 Rae8 17. b4 Nxf3+ 18. Bxf3 cxb4 19. Bxb4 Rxe4 20. Bxe4 Nxg3 21.
Bd2 Qd4 22. Bg2 Nf5 23. Re4 Qf6 24. Rxb7 Bc8 25. Rb3 Nh4 26. Bc3 Qg5 27. Rxh4
Qxh4 28. Bxg7 Kxg7 29. Qe2 Ba6 30. Bf1 Rc8 31. Rc3 Qd4 32. Qe3 Qxe3 33. fxe3
Kf6 34. Kf2 Ke5 35. Bd3 Rc5 36. Ke2 h5 37. h4 Ra5 38. Rc2 Ra3 39. Kd2 Kf6 40.
Be4 Ra4 41. Bd3 g5 42. hxg5+ Kxg5 43. Kc3 Ra5 44. Rg2+ Kh6 45. Kb4 Rc5 46. Be2
Rc8 47. Rh2 Kg6 48. Bxh5+ Kg7 49. Be2 Re8 50. Rh3 Bc8 51. Rg3+ Kf6 52. Bh5 Re5
53. Bd1 Rg5 54. Rxg5 Kxg5 55. c5 a5+ 56. Kxa5 Bd7 57. c6 Bc8 58. Kb6 Kf5 59.
Kc7 Ba6 60. Kxd6 1-0

[Event "Anatoli Karpov"]
[Site "Trois-Rivieres CAN"]
[Date "2014.03.03"]
[Round "1"]
[White "Cormier, Roger"]
[Black "Lemyre, Jasmin"]
[Result "0-1"]
[WhiteElo "926"]
[BlackElo "1260"]
[PlyCount "92"]
[EventDate "2014.03.03"]
[EventType "swiss"]
[EventRounds "6"]
[EventCountry "CAN"]

1. d4 d5 2. c4 c6 3. Nf3 Bg4 4. Nc3 Bxf3 5. exf3 dxc4 6. Bxc4 e6 7. f4 Bb4 8.
O-O Ne7 9. Be3 O-O 10. Ne4 Nf5 11. Bc1 Qxd4 12. Qe2 Nd6 13. Rd1 Qxe4 14. Qxe4
Nxe4 15. Be3 b5 16. Bb3 Na6 17. Rd4 Nf6 18. Rdd1 Nc7 19. a3 Ba5 20. Bc2 Bb6 21.
Bxb6 axb6 22. Re1 Ncd5 23. g3 b4 24. a4 c5 25. Bb3 Rfc8 26. Bc4 Nc7 27. b3 Ra5
28. Re5 Rca8 29. Rae1 b5 30. Bf1 bxa4 31. Kg2 axb3 32. Rb1 Nd7 33. Re3 Nd5 34.
Rd3 c4 35. Rd4 c3 36. Rxb3 Nc5 37. Rb1 b3 38. Rc4 b2 39. Rxc3 Nxc3 40. Rxb2 g6
41. h4 Ra2 42. Rb6 N3e4 43. Bc4 Rxf2+ 44. Kh3 Ra3 45. h5 Rxg3+ 46. Kh4 Rh2# 0-1

[Event "Anatoli Karpov"]
[Site "Trois-Rivieres CAN"]
[Date "2014.03.24"]
[Round "3"]
[White "Lemyre, Jasmin"]
[Black "Keep, Richard"]
[Result "0-1"]
[WhiteElo "1260"]
[BlackElo "1557"]
[PlyCount "120"]
[EventDate "2014.03.03"]
[EventType "swiss"]
[EventRounds "6"]
[EventCountry "CAN"]

1. e4 c6 2. d4 d5 3. exd5 cxd5 4. Nf3 Nc6 5. Bf4 Nf6 6. Nc3 g6 7. Qd2 h6 8. Bb5
Bg7 9. Ne5 Bd7 10. h3 Nxe5 11. dxe5 Bxb5 12. Nxb5 Ne4 13. Qe3 O-O 14. O-O-O Qa5
15. Na3 e6 16. f3 Nc5 17. Bxh6 Rac8 18. Bxg7 Kxg7 19. h4 Qd8 20. h5 g5 21. Rd4
Kh6 22. Nc4 Rc6 23. Nd6 b6 24. f4 Rxd6 25. fxg5+ Qxg5 26. Qxg5+ Kxg5 27. exd6
Ne4 28. c4 Nxd6 29. cxd5 Nf5 30. Re4 exd5 31. Re5 Kf6 32. Rxd5 Ke6 33. Rd2 Nh6
34. Rf2 f5 35. Rg1 Ng4 36. Re2+ Kf6 37. Kd2 Rf7 38. Kd3 Kg5 39. Rh1 f4 40. Re6
Nf2+ 41. Ke2 Nxh1 42. Kf3 Kxh5 43. Re5+ Kg6 44. Kg4 Nf2+ 45. Kf3 Nd3 46. Re2
Kf5 47. g3 Ne5+ 48. Kf2 fxg3+ 49. Kxg3 Ke6 50. Rf2 Rxf2 51. Kxf2 Nd3+ 52. Ke3
Nxb2 53. Kd4 Na4 54. Kc4 a6 55. a3 Ke5 56. Kb4 Nc5 57. a4 Nxa4 58. Kxa4 Kd4 59.
Kb4 b5 60. Kb3 a5 0-1

[Event "Anatoli Karpov"]
[Site "Trois-Rivieres CAN"]
[Date "2014.03.31"]
[Round "4"]
[White "Lemyre, Jasmin"]
[Black "Girard, Rejean"]
[Result "0-1"]
[WhiteElo "1260"]
[BlackElo "1246"]
[PlyCount "84"]
[EventDate "2014.03.03"]
[EventType "swiss"]
[EventRounds "6"]
[EventCountry "CAN"]

1. e4 e5 2. Nf3 Nc6 3. Bb5 a6 4. Ba4 Nf6 5. O-O Be7 6. Re1 O-O 7. c3 d5 8. exd5
Nxd5 9. Bxc6 bxc6 10. Nxe5 Bb7 11. d3 Bg5 12. Bxg5 Qxg5 13. Qg4 Qxg4 14. Nxg4
f5 15. Ne5 Rae8 16. Nd2 Rd8 17. d4 Nf4 18. Nb3 c5 19. g3 Nh3+ 20. Kf1 f4 21.
Nxc5 Bh1 22. Re2 f3 23. Re3 Bg2+ 24. Ke1 Rb8 25. b3 Rf5 26. Nxa6 Rc8 27. Nc5
Re8 28. Ncd3 Ng1 29. Kd2 Ne2 30. c4 Nxd4 31. Rb1 Ra8 32. Rb2 Bf1 33. b4 Rd8 34.
c5 Bxd3 35. Rxd3 Rxe5 36. Kc3 Nb5+ 37. Kc4 Rxd3 38. Kxd3 Rd5+ 39. Kc4 c6 40. a4
Rd4+ 41. Kb3 Rd3+ 42. Kc4 Rc3# 0-1

[Event "Annex CC Frankenstein Swiss"]
[Site "Toronto CAN"]
[Date "2014.09.29"]
[Round "1"]
[White "Humphreys, Michael"]
[Black "Wiebe, Daniel"]
[Result "0-1"]
[WhiteElo "2335"]
[BlackElo "2042"]
[PlyCount "176"]
[EventDate "2014.09.29"]
[EventType "swiss"]
[EventRounds "5"]
[EventCountry "CAN"]

1. d4 Nf6 2. c4 g6 3. f3 e5 4. dxe5 Nh5 5. Nh3 Qh4+ 6. Nf2 Qxc4 7. Nc3 Bb4 8.
Qb3 Qxb3 9. axb3 O-O 10. Nd3 Nc6 11. Kf2 Be7 12. Nd5 Bd8 13. g4 Ng7 14. h4 Nd4
15. Bg5 Nge6 16. Bxd8 Rxd8 17. b4 d6 18. exd6 Rxd6 19. Ne7+ Kf8 20. Rxa7 Rxa7
21. Nxc8 Raa6 22. Nxd6 Rxd6 23. e3 Nc2 24. b5 Rd5 25. Nc1 Rd2+ 26. Be2 Nb4 27.
b3 Nc5 28. Rd1 Rxd1 29. Bxd1 Ke7 30. g5 f6 31. Be2 Ke6 32. Bc4+ Kf5 33. e4+ Ke5
34. Ne2 fxg5 35. hxg5 Ne6 36. Ke3 Nc2+ 37. Kd2 Ncd4 38. Bxe6 Nxe6 39. Ke3 Kd6
40. f4 Kc5 41. Kd3 Kb4 42. Ke3 Kc5 43. e5 Kd5 44. Nc3+ Kc5 45. Ne4+ Kxb5 46.
Nf6 Kb4 47. Nxh7 Kxb3 48. f5 gxf5 49. g6 Kc4 50. Nf8 Ng7 51. Kf4 Kd5 52. Nd7 c5
53. Nf6+ Ke6 54. Kg5 Kxe5 55. Nd7+ Kd6 56. Nb6 Ke6 57. Kh6 Ne8 58. Kg5 Nd6 59.
Kh6 f4 60. Nc4 Nf5+ 61. Kg5 f3 62. Kf4 f2 63. Nd2 c4 64. Kf3 c3 65. Kxf2 cxd2
66. Ke2 Kf6 67. Kxd2 Kxg6 68. Kd3 Nd6 69. Kd4 b5 70. Kc5 Kf5 71. Kd5 Kf4 72.
Kd4 Kf3 73. Kd3 Kf2 74. Kd2 Kf1 75. Kd1 Nc4 76. Kc2 Ke2 77. Kc3 Ke3 78. Kb4 Nd6
79. Kc3 Ke4 80. Kb3 Kd3 81. Kb4 Kd4 82. Kb3 Kc5 83. Kc3 b4+ 84. Kb3 Kb5 85. Kb2
Kc4 86. Kc2 b3+ 87. Kb2 Kb4 88. Kb1 Ka3 0-1

[Event "Annex CC Frankenstein Swiss U1900"]
[Site "Toronto CAN"]
[Date "2014.09.29"]
[Round "1"]
[White "Armstrong, Robert J"]
[Black "Valkanas, Antonios"]
[Result "1-0"]
[WhiteElo "1540"]
[BlackElo "1800"]
[PlyCount "64"]
[EventDate "2014.09.29"]
[EventType "swiss"]
[EventRounds "5"]
[EventCountry "CAN"]

1. d4 Nf6 2. c4 e6 3. Nf3 d5 4. e3 Be7 5. Bd3 O-O 6. O-O dxc4 7. Bxc4 c5 8. Nc3
Nc6 9. d5 exd5 10. Nxd5 Nxd5 11. Bxd5 Qc7 12. Qb3 Nb4 13. e4 Nxd5 14. exd5 Bf5
15. Qc4 Bd6 16. h3 Rfe8 17. Bg5 Re4 18. Qc3 f6 19. Be3 b6 20. Rac1 Qf7 21. Qb3
Rb4 22. Qc3 Qxd5 23. Rcd1 Qc6 24. a3 Re4 25. Rd2 Be5 26. Qb3+ Qe6 27. Qd1 Qe7
28. Qb3+ Kf8 29. Rfd1 Bc7 30. Qd5 Rd8 31. Qxf5 Rxd2 32. Rxd2 Kf7 1-0

[Event "Annex CC Frankenstein Swiss U1900"]
[Site "Toronto CAN"]
[Date "2014.10.06"]
[Round "2"]
[White "Pirri, Daniele"]
[Black "Armstrong, Robert J"]
[Result "1-0"]
[WhiteElo "1464"]
[BlackElo "1540"]
[PlyCount "77"]
[EventDate "2014.09.29"]
[EventType "swiss"]
[EventRounds "5"]
[EventCountry "CAN"]

1. e4 g6 2. d4 Bg7 3. Nf3 d6 4. Bc4 Nf6 5. Nc3 Nxe4 6. Bxf7+ Kxf7 7. Nxe4 Re8
8. O-O Kg8 9. Bg5 d5 10. Ned2 Nc6 11. c3 Bf5 12. Re1 Qd7 13. Qb3 Kh8 14. Bf4
Rf8 15. Ne5 Nxe5 16. Bxe5 c6 17. Nf3 Be4 18. Bxg7+ Kxg7 19. Ne5 Qc7 20. Qa3 Kh8
21. Re3 Rf6 22. f3 Bf5 23. Rae1 Re8 24. Qxa7 g5 25. a4 h5 26. a5 Qc8 27. Qc5 e6
28. Ra1 g4 29. fxg4 hxg4 30. Rf1 Rg8 31. Qe7 Qf8 32. Qxf8 Rfxf8 33. Rg3 Rc8 34.
Nf7+ Kh7 35. Nd6 Rcf8 36. Nxb7 Ra8 37. b4 Ra7 38. Nd6 Rf8 39. Rxg4 1-0

[Event "Annex CC Frankenstein Swiss U1900"]
[Site "Toronto CAN"]
[Date "2014.10.20"]
[Round "3"]
[White "Armstrong, Robert J"]
[Black "Patton, Mark"]
[Result "1-0"]
[WhiteElo "1540"]
[BlackElo "1576"]
[PlyCount "102"]
[EventDate "2014.09.29"]
[EventType "swiss"]
[EventRounds "5"]
[EventCountry "CAN"]

1. g3 c5 2. Bg2 Nc6 3. c4 g6 4. e3 Bg7 5. Qb3 e6 6. Nc3 a6 7. Nge2 Nge7 8. d3
d6 9. Bd2 Qc7 10. O-O Rb8 11. a4 O-O 12. Ne4 f5 13. Ng5 h6 14. Nh3 e5 15. f4
Kh7 16. e4 Be6 17. Nc3 Nd4 18. Qd1 b5 19. fxe5 dxe5 20. axb5 axb5 21. Nd5 Qd7
22. Nxe7 Qxe7 23. cxb5 Rxb5 24. Bc3 Qd7 25. exf5 Bxf5 26. Nf2 Rbb8 27. Ne4 Rfc8
28. Kh1 Bg4 29. Qa4 Qe7 30. Qa6 Rf8 31. Rxf8 Rxf8 32. Qb6 Bf3 33. Qxc5 Bxg2+
34. Kxg2 Qf7 35. Bxd4 Qf3+ 36. Kg1 exd4 37. Qc2 Qe3+ 38. Nf2 Qe6 39. b4 Rc8 40.
Qd2 Rc3 41. Rb1 Bf6 42. Ne4 Rc7 43. Nxf6+ Qxf6 44. b5 Qb6 45. Qf4 Kg7 46. Qe5+
Kh7 47. Rf1 Rg7 48. Rf6 Qa5 49. Qd5 Qe1+ 50. Kg2 Qe2+ 51. Kh3 g5 1-0

[Event "Annex CC Frankenstein Swiss U1900"]
[Site "Toronto CAN"]
[Date "2014.10.27"]
[Round "4"]
[White "Armstrong, Robert J"]
[Black "Diemer, Ulli"]
[Result "0-1"]
[WhiteElo "1540"]
[BlackElo "1542"]
[PlyCount "57"]
[EventDate "2014.09.29"]
[EventType "swiss"]
[EventRounds "5"]
[EventCountry "CAN"]

1. g3 e5 2. Bg2 d5 3. c4 c6 4. Qb3 Nf6 5. cxd5 Nxd5 6. Nc3 Nxc3 7. bxc3 Qb6 8.
Qc2 Be6 9. a4 Bc5 10. e3 O-O 11. Rb1 Qc7 12. d4 Bd6 13. c4 exd4 14. exd4 Re8
15. Ne2 Bg4 16. Be3 Qa5+ 17. Qc3 Qh5 18. Qd2 b6 19. Nc3 Bf3 20. O-O Nd7 21. a5
Bxg2 22. Kxg2 Qxa5 23. Ra1 Qf5 24. c5 Bc7 25. d5 Ne5 26. d6 Qf3+ 27. Kg1 Bd8
28. Rfe1 Qf5 29. Bf4 0-1

[Event "Annex CC Goodbye Winter Swiss"]
[Site "Toronto CAN"]
[Date "2014.03.03"]
[Round "1"]
[White "Shebetah, Wajdy"]
[Black "Shah, Omar"]
[Result "0-1"]
[WhiteElo "2008"]
[BlackElo "2155"]
[PlyCount "64"]
[EventDate "2014.03.03"]
[EventType "swiss"]
[EventRounds "5"]
[EventCountry "CAN"]

1. e4 c5 2. c3 b6 3. Nf3 Bb7 4. Bd3 d6 5. O-O Nf6 6. Qe2 Nbd7 7. a4 g6 8. Na3
Bg7 9. a5 Qc8 10. a6 Bc6 11. Nb5 O-O 12. Ra2 c4 13. Bxc4 Bxe4 14. d3 Bxf3 15.
gxf3 Ne5 16. Bb3 Qh3 17. Nd4 g5 18. Bxg5 Ng6 19. f4 Ng4 20. f3 h6 21. fxg4 hxg5
22. fxg5 Be5 23. Bd5 Nf4 24. Rxf4 Bxf4 25. Bxa8 Rxa8 26. b4 Rc8 27. Nb5 e6 28.
c4 Kg7 29. Nxa7 Rh8 30. Nb5 Rh4 31. Ra1 Bxh2+ 32. Kh1 Bg3+ 0-1

[Event "Annex CC Goodbye Winter Swiss U1900"]
[Site "Toronto CAN"]
[Date "2014.03.03"]
[Round "1"]
[White "Armstrong, Robert J"]
[Black "Pulgarin, Julian"]
[Result "0-1"]
[WhiteElo "1618"]
[BlackElo "1385"]
[PlyCount "56"]
[EventDate "2014.03.03"]
[EventType "swiss"]
[EventRounds "5"]
[EventCountry "CAN"]

1. g3 g6 2. Bg2 Bg7 3. c4 f5 4. Qb3 Nc6 5. d3 Nf6 6. Nc3 O-O 7. Bg5 h6 8. Bd2
e5 9. e3 g5 10. Nd5 Kh8 11. Bc3 d6 12. O-O-O Rb8 13. f4 Bd7 14. fxg5 hxg5 15.
Nf3 b5 16. Qc2 b4 17. Bd2 Nxd5 18. cxd5 Na5 19. b3 c6 20. dxc6 Bxc6 21. Kb1
Bxf3 22. Bxf3 e4 23. dxe4 Qf6 24. Bc3 bxc3 25. exf5 Nc4 26. Kc1 Nxe3 27. Be4
Nxc2 28. Bxc2 Qe5 0-1

[Event "Annex CC Norway Swiss"]
[Site "Toronto CAN"]
[Date "2014.11.24"]
[Round "3"]
[White "Wiebe, Daniel"]
[Black "Bzikot, Robert"]
[Result "0-1"]
[WhiteElo "2042"]
[BlackElo "1897"]
[PlyCount "80"]
[EventDate "2014.11.10"]
[EventType "swiss"]
[EventRounds "5"]
[EventCountry "CAN"]

1. e4 d6 2. d4 Nf6 3. Nc3 g6 4. f4 Bg7 5. Nf3 c5 6. d5 O-O 7. Bd3 b5 8. Nxb5 c4
9. Bxc4 Nxe4 10. Qe2 a6 11. Nbd4 Qc7 12. O-O Bg4 13. Be3 Nd7 14. h3 Ng3 15. Qf2
Nxf1 16. Bxf1 Bxf3 17. Qxf3 Nf6 18. c4 Rfb8 19. Rb1 Re8 20. b4 Rac8 21. f5 Nd7
22. Rc1 Ne5 23. Qd1 Qd7 24. fxg6 hxg6 25. Nb3 Qa4 26. Bd2 Nd7 27. Rc2 Rc7 28.
Qc1 Rec8 29. Na5 Ne5 30. Nb3 Qd7 31. Na5 Qf5 32. Qd1 Qe4 33. Qc1 Bf6 34. Be3
Kg7 35. Bb6 Rd7 36. Bf2 Bg5 37. Qd1 Be3 38. Bxe3 Qxe3+ 39. Kh1 Rdc7 40. a4 Qa3
0-1

[Event "Annex CC Norway Swiss U1900"]
[Site "Toronto CAN"]
[Date "2014.11.10"]
[Round "1"]
[White "Ben-Avraham, Mark"]
[Black "Armstrong, Robert J"]
[Result "1-0"]
[WhiteElo "1529"]
[BlackElo "1621"]
[PlyCount "61"]
[EventDate "2014.11.10"]
[EventType "swiss"]
[EventRounds "5"]
[EventCountry "CAN"]

1. d4 f5 2. e3 Nf6 3. Bd3 e6 4. Nd2 Be7 5. Ngf3 O-O 6. O-O d5 7. Re1 Ne4 8. c4
c6 9. Nf1 Nd7 10. Bd2 g5 11. h3 h5 12. N3h2 g4 13. Bxe4 dxe4 14. hxg4 fxg4 15.
Nxg4 hxg4 16. Qxg4+ Kh8 17. Qxe4 Nf6 18. Qf3 Nh7 19. Qe4 Bd6 20. d5 e5 21. Ng3
Qg5 22. Bc3 Kg8 23. dxc6 Be6 24. cxb7 Rad8 25. Qc6 Qg4 26. Ne4 Ng5 27. Nxg5
Qxg5 28. b8=Q Bxb8 29. Qxe6+ Kh7 30. Rad1 Rf6 31. Qe7+ 1-0

[Event "Annex CC Norway Swiss U1900"]
[Site "Toronto CAN"]
[Date "2014.11.24"]
[Round "3"]
[White "Patton, Mark"]
[Black "Armstrong, Robert J"]
[Result "0-1"]
[WhiteElo "1576"]
[BlackElo "1621"]
[PlyCount "66"]
[EventDate "2014.11.10"]
[EventType "swiss"]
[EventRounds "5"]
[EventCountry "CAN"]

1. d4 f5 2. Nf3 Nf6 3. g3 e6 4. Bg2 Be7 5. O-O O-O 6. c4 c6 7. Nc3 Ne4 8. Qc2
d5 9. b3 Bf6 10. e3 c5 11. Rd1 Nc6 12. Bb2 cxd4 13. exd4 Nb4 14. Qe2 Qa5 15. a3
Nc6 16. b4 Nxc3 17. Bxc3 Qc7 18. Rac1 Bd7 19. Ne5 Ne7 20. Bb2 Qd8 21. c5 Rc8
22. f4 Ng6 23. b5 Nxe5 24. fxe5 Bg5 25. Rc2 f4 26. Rf1 Qe8 27. gxf4 Bxb5 28.
Qg4 Bxf1 29. Qxg5 Rf5 30. Qg3 Bxg2 31. Rxg2 Rc7 32. Bc3 Qh5 33. Ba5 Rcf7 0-1

[Event "Annex CC Norway Swiss U1900"]
[Site "Toronto CAN"]
[Date "2014.12.01"]
[Round "4"]
[White "Armstrong, Robert J"]
[Black "Haikala, Heimo"]
[Result "0-1"]
[WhiteElo "1621"]
[BlackElo "1767"]
[PlyCount "58"]
[EventDate "2014.11.10"]
[EventType "swiss"]
[EventRounds "5"]
[EventCountry "CAN"]

1. g3 Nf6 2. Bg2 d5 3. c4 e6 4. Qb3 c6 5. cxd5 exd5 6. Nc3 Nbd7 7. d4 Qb6 8.
Qxb6 Nxb6 9. e4 dxe4 10. Nxe4 Bb4+ 11. Bd2 Bxd2+ 12. Kxd2 Nxe4+ 13. Bxe4 Nc4+
14. Kc3 Be6 15. Rd1 O-O-O 16. Nf3 f6 17. Rhe1 Nd6 18. Bxc6 Bg4 19. Bxb7+ Kxb7
20. Re7+ Rd7 21. Rxd7+ Bxd7 22. Re1 Rc8+ 23. Kb3 a5 24. Re7 a4+ 25. Kb4 Rc4+
26. Ka5 Kc7 27. Rxg7 Nb7+ 28. Ka6 Rc6+ 29. Ka7 Nd6 0-1

[Event "Annex CC Welcome Spring"]
[Site "Toronto CAN"]
[Date "2014.04.28"]
[Round "3"]
[White "Shah, Omar"]
[Black "Bellissimo, Joseph"]
[Result "0-1"]
[WhiteElo "2030"]
[BlackElo "2051"]
[PlyCount "46"]
[EventDate "2014.04.07"]
[EventType "swiss"]
[EventRounds "5"]
[EventCountry "CAN"]

1. Nf3 e6 2. b3 d5 3. Bb2 c5 4. e3 Nc6 5. d4 Nf6 6. a3 Bd6 7. Nbd2 Qc7 8. c4
cxd4 9. exd4 a5 10. Bd3 O-O 11. O-O b6 12. Re1 Nd7 13. Bxh7+ Kxh7 14. Ng5+ Kg8
15. Qh5 Nf6 16. Qh4 Ne7 17. c5 Bf4 18. Re5 Ng6 19. Qh3 Bxd2 20. Bc1 Bxc1 21.
Rxc1 Nxe5 22. Rc3 Ng6 23. Rf3 e5 0-1

[Event "Annex CC Welcome Spring (U1800)"]
[Site "Toronto CAN"]
[Date "2014.04.07"]
[Round "1"]
[White "Armstrong, Robert J"]
[Black "Supol, George"]
[Result "1/2-1/2"]
[WhiteElo "1603"]
[BlackElo "1373"]
[PlyCount "103"]
[EventDate "2014.04.07"]
[EventType "swiss"]
[EventRounds "5"]
[EventCountry "CAN"]

1. g3 e5 2. Bg2 Nf6 3. c4 c6 4. Qb3 Na6 5. Nc3 Nc5 6. Qc2 d5 7. cxd5 cxd5 8. e3
g6 9. d3 Be6 10. b4 Na6 11. a3 Rc8 12. Qd2 Bg7 13. Bb2 O-O 14. Nf3 Nd7 15. O-O
Nc7 16. Rac1 f6 17. Rc2 Bh6 18. Rfc1 a6 19. Na4 b5 20. Nc5 Nxc5 21. Rxc5 Rf7
22. R1c2 Bf8 23. Rc6 Bd7 24. R6c3 Ne6 25. Qc1 Rxc3 26. Rxc3 Bh6 27. Qd1 d4 28.
exd4 exd4 29. Rc2 Be8 30. Bh3 Bd7 31. Bxe6 Bxe6 32. Nxd4 Bh3 33. f4 Rd7 34. Qa1
Qb6 35. Rf2 Re7 36. Qc1 Bg7 37. Nf3 Re2 38. Bd4 Qe6 39. Qd1 Rxf2 40. Kxf2 Bg4
41. Qe2 Qd7 42. Bc5 Bf8 43. Bxf8 Kxf8 44. Qe3 Kg7 45. d4 Be6 46. Nd2 Qd5 47. h4
Qd7 48. Ne4 Qd5 49. Nd2 Bf7 50. Nf3 Qa2+ 51. Nd2 Qd5 52. Nf3 1/2-1/2

[Event "Annex CC Welcome Spring (U1800)"]
[Site "Toronto CAN"]
[Date "2014.04.14"]
[Round "2"]
[White "Allen, Joshua"]
[Black "Armstrong, Robert J"]
[Result "0-1"]
[WhiteElo "1541"]
[BlackElo "1603"]
[PlyCount "96"]
[EventDate "2014.04.07"]
[EventType "swiss"]
[EventRounds "5"]
[EventCountry "CAN"]

1. e4 g6 2. d4 Bg7 3. Nc3 d6 4. f4 Nf6 5. Be2 O-O 6. Nf3 Nc6 7. O-O e5 8. fxe5
dxe5 9. d5 Ne7 10. Bg5 h6 11. Bh4 Ne8 12. Bg3 f6 13. Bc4 Kh7 14. Qe2 Nd6 15.
Bb3 h5 16. Bf2 Qe8 17. h3 Bd7 18. a4 g5 19. Nd2 Qg6 20. Nc4 a6 21. Bc5 Nec8 22.
Nxd6 Nxd6 23. Rf2 Rg8 24. a5 h4 25. Ba4 Rad8 26. Bxd7 Rxd7 27. Qg4 Rdd8 28.
Raf1 Rge8 29. Re1 Nf7 30. Re3 Nh6 31. Qe2 g4 32. Kh1 Rg8 33. Qc4 Rd7 34. Rd2
Qg5 35. Qe2 Bf8 36. Bxf8 Rxf8 37. Qf2 Rg8 38. Red3 Rf7 39. d6 cxd6 40. Rxd6 f5
41. Rd7 Rgg7 42. R7d5 fxe4 43. Nxe4 Qg6 44. Qe2 gxh3 45. Kh2 Ng4+ 46. Kg1 h2+
47. Kh1 Nf2+ 48. Kxh2 Qxg2# 0-1

[Event "Annex CC Welcome Summer"]
[Site "Toronto CAN"]
[Date "2014.06.02"]
[Round "1"]
[White "Wilker, Marcus"]
[Black "Shah, Omar"]
[Result "0-1"]
[WhiteElo "1710"]
[BlackElo "1965"]
[PlyCount "76"]
[EventDate "2014.06.02"]
[EventType "swiss"]
[EventRounds "5"]
[EventCountry "CAN"]

1. d4 Nf6 2. c4 c5 3. d5 Ne4 4. Nc3 Nxc3 5. bxc3 g6 6. e4 d6 7. Bd3 Bg7 8. Bd2
O-O 9. h3 Qa5 10. Qc2 a6 11. Ne2 Bd7 12. Rb1 b5 13. O-O bxc4 14. Bxc4 Bb5 15.
Qb3 Nd7 16. Rb2 Rab8 17. Bxb5 Rxb5 18. Qc2 Rxb2 19. Qxb2 Rb8 20. Qc2 Qb5 21. c4
Qb2 22. Rc1 Qxc2 23. Rxc2 Rb2 24. Rxb2 Bxb2 25. Nc3 Nb6 26. Nd1 Nxc4 27. Bg5
Bf6 28. Bxf6 exf6 29. g4 Kg7 30. Kf1 Nd2+ 31. Ke2 Nxe4 32. f3 Ng5 33. h4 Nh3
34. Ke3 g5 35. h5 f5 36. Nc3 Kf6 37. f4 Nxf4 38. gxf5 Ke5 0-1

[Event "Annex CC Welcome Summer"]
[Site "Toronto CAN"]
[Date "2014.06.09"]
[Round "2"]
[White "Shah, Omar"]
[Black "Humphreys, Michael"]
[Result "1-0"]
[WhiteElo "1965"]
[BlackElo "2288"]
[PlyCount "31"]
[EventDate "2014.06.02"]
[EventType "swiss"]
[EventRounds "5"]
[EventCountry "CAN"]

1. Nf3 g6 2. e4 c5 3. Bc4 Bg7 4. Nc3 Nc6 5. O-O e6 6. Re1 Nge7 7. d4 cxd4 8.
Nb5 O-O 9. e5 Nf5 10. Bf4 Qb6 11. g4 a6 12. gxf5 axb5 13. f6 Bh8 14. Bd3 d6 15.
Ng5 dxe5 16. Qh5 1-0

[Event "Annex CC-ch"]
[Site "Toronto CAN"]
[Date "2014.01.13"]
[Round "1"]
[White "Shah, Omar"]
[Black "Southam, David"]
[Result "1-0"]
[WhiteElo "1959"]
[BlackElo "2237"]
[PlyCount "101"]
[EventDate "2014.01.13"]
[EventType "swiss"]
[EventRounds "6"]
[EventCountry "CAN"]

1. Nf3 d5 2. b3 c6 3. Bb2 Nf6 4. e3 Bf5 5. Be2 e6 6. Nh4 Bg6 7. d3 Nbd7 8. Nd2
Bd6 9. f4 Qb6 10. Nf1 O-O-O 11. g4 h6 12. Nxg6 fxg6 13. Qd2 e5 14. Bc3 Qc7 15.
f5 g5 16. O-O-O Rhe8 17. Kb1 Kb8 18. Ba5 b6 19. Bc3 e4 20. d4 Nf8 21. Qc1 g6
22. Be1 gxf5 23. gxf5 Qh7 24. Ng3 Ka8 25. Rf1 h5 26. c4 h4 27. Nh1 Bxh2 28.
cxd5 Nxd5 29. Rf2 Bg1 30. Qxc6+ Qb7 31. Bb5 Bxf2 32. Nxf2 Nxe3 33. Qc1 Nxd1 34.
Bc6 Nxf2 35. Bxf2 Nh7 36. Bxb7+ Kxb7 37. Be3 Rd5 38. Qf1 Rf8 39. Qh1 Rfxf5 40.
Qxe4 Nf6 41. Qe7+ Nd7 42. Qh7 Kc7 43. Kc2 Rf6 44. Kd3 Kc6 45. Ke2 Re6 46. Qg8
Rdd6 47. Qc8+ Kd5 48. Qc4+ Ke4 49. d5+ Kf5 50. dxe6 Rxe6 51. Qd3+ 1-0